South Asian women in the diaspora (Record no. 255)

MARC details
000 -LEADER
fixed length control field 00534 a2200181 4500
001 - CONTROL NUMBER
control field 066063
003 - CONTROL NUMBER IDENTIFIER
control field OSt
005 - DATE AND TIME OF LATEST TRANSACTION
control field 20210909104838.0
008 - FIXED-LENGTH DATA ELEMENTS--GENERAL INFORMATION
fixed length control field
082 ## - DEWEY DECIMAL CLASSIFICATION NUMBER
Classification number 305.488914
Item number S87S
245 1# - TITLE STATEMENT
Title South Asian women in the diaspora
Statement of responsibility, etc edited by Nirmal Puwar and Parvati Raghuram
260 ## - PUBLICATION, DISTRIBUTION, ETC. (IMPRINT)
Place of publication, distribution, etc New Delhi
Name of publisher, distributor, etc Oxford
Date of publication, distribution, etc 2004
300 ## - PHYSICAL DESCRIPTION
Extent 252p.
690 ## - LOCAL SUBJECT ADDED ENTRY--TOPICAL TERM (OCLC, RLIN)
Topical term or geographic name as entry element Women; South Asia; East Indian diaspora; South Asian diaspora
700 ## - ADDED ENTRY--PERSONAL NAME
Relator term Puwar, Nirmal, ed.
700 ## - ADDED ENTRY--PERSONAL NAME
Relator term Raghuram, Parvati, ed.
942 ## - ADDED ENTRY ELEMENTS (KOHA)
Source of classification or shelving scheme Dewey Decimal Classification
Koha item type Books
Holdings
Withdrawn status Lost status Source of classification or shelving scheme Damaged status Not for loan Collection code Home library Current library Date acquired Source of acquisition Cost, normal purchase price Full call number Barcode Date last seen Price effective from Koha item type
    Dewey Decimal Classification     General Text Book Central University Of Rajasthan Central University Of Rajasthan 07/03/2012 ENG 1242.00 305.488914 S87S 349 21/11/2024 02/09/2020 Books